| 000 | 01024cam a2200337 a 4500 | ||
|---|---|---|---|
| 001 | 1197354 | ||
| 003 | OSt | ||
| 005 | 20140310184424.0 | ||
| 008 | 980210s1998 nyua c 000 1 eng | ||
| 010 | _a 98013375 | ||
| 020 | _a0590033832 | ||
| 040 |
_aDLC _cDLC _dDLC |
||
| 042 | _alcac | ||
| 050 | 0 | 0 |
_aPZ 7 _b.H4364 2005 |
| 100 | 1 |
_aHesse, Karen. _94785 |
|
| 245 | 1 | 0 |
_aJust Juice / _cKaren Hesse ; pictures by Robert Andrew Parker. |
| 260 |
_aNew York : _bScholastic Press, _c2005. |
||
| 300 |
_a138 p. : _bill. ; _c21 cm. |
||
| 521 | _aG4 | ||
| 526 | _c690 | ||
| 650 | 1 |
_aFathers and daughters _xFiction. _926868 |
|
| 650 | 1 |
_aFamily life _xFiction. _926869 |
|
| 650 | 1 |
_aLiteracy _xFiction. _926870 |
|
| 700 | 1 |
_aParker, Robert Andrew, _eill. _926871 |
|
| 906 |
_a7 _bcbc _corignew _d1 _eocip _f19 _gy-gencatlg |
||
| 942 |
_2lcc _cBK-SCHOLAS |
||
| 999 |
_c34289 _d34289 |
||